00205nam a22000737a 4500100002200000245004900022260005200071300000800123 aRangadari,K.S.T.C aClinical Laboratory Training Exposure Report aRajagiriyabInstitute of Chemistry Ceylonc2023 a168